000 00301nam a22001457a 4500
008 210511b ||||| |||| 00| 0 eng d
020 _a0691024189
041 _aeng
080 _a53
082 _a53
100 _a43
101 _aFIZ
245 _aLife's Devices
_cSteven Vogel
942 _2udc
_cBK
999 _c57203
_d57203